000
00357nam a2200157Ia 4500
003
0STCL
008
150530s9999 xx 000 0 und d
040
_a
STCL
_c
STCL
100
_a
Parsons,T Ed.
245
_a
Knowledge and Society
260
_b
Voice of America
_c
1968
546
_a
English
942
_2
ddc
_c
BK
999
_c
5538
_d
5538
005
20220125165414.0